00496nam a2200193 a 4500001001300000003000900013005001700022008004100039020002300080082001500103100001800118245002900136260004000165300000900205500003500214505002300249650001200272700001800284nice12345678IN_TiNIC20260116014937.0050524s1999 newa grp 000 0 eng  a0393489 c10000a574.5bSTA aStarke, Linda aState of the World 2000. aNew YorkbW.W.Norton and Co. c1999 a276p aincludes index and biblioraphy2 aXerox copy -bound. aEcology1 aStarke, Linda